[Event "4NCL/Div1/SWD1 vs. WGR1"]
[Site "West Bromwich ENG"]
[Date "2002.11.23"]
[Round "1.2"]
[White "Speelman, Jonathan S"]
[Black "Cooper, John G"]
[Result "1-0"]
[WhiteElo "2583"]
[BlackElo "2318"]
[PlyCount "45"]
[EventDate "2002.11.23"]

1. Nf3 d5 2. b3 c5 3. e3 Nc6 4. Bb5 Bg4 5. h3 Bh5 6. Ba3 e6 7. c4 Bd6 8. cxd5
exd5 9. Bxc6+ bxc6 10. Nc3 Nf6 11. Rc1 O-O 12. Na4 c4 13. Bxd6 Qxd6 14. bxc4 d4
15. g4 Nxg4 16. hxg4 Bxg4 17. Rg1 Bxf3 18. Qxf3 Qa3 19. Qd1 Rab8 20. Rg3 Rfe8
21. Kf1 dxe3 22. Rxe3 Qd6 23. Nc3 1-0

[Event "4NCL/Div1/SWD1 vs. WGR1"]
[Site "West Bromwich ENG"]
[Date "2002.11.23"]
[Round "1.3"]
[White "Jones, Richard S"]
[Black "Baburin, Alexander"]
[Result "1/2-1/2"]
[WhiteElo "2246"]
[BlackElo "2580"]
[PlyCount "200"]
[EventDate "2002.11.23"]

1. e4 Nf6 2. e5 Nd5 3. d4 d6 4. Nf3 g6 5. Bc4 c6 6. O-O Bg7 7. h3 O-O 8. exd6
Qxd6 9. Bb3 b5 10. Re1 Nd7 11. Bxd5 cxd5 12. Qe2 Qc6 13. Qxe7 Qxc2 14. Nc3 Nf6
15. Bg5 Ne4 16. Re2 Qd3 17. Nxe4 dxe4 18. Rd2 Qc4 19. Qxe4 Bf5 20. Qe2 Qd5 21.
Rc1 Rfe8 22. Rc5 Qxa2 23. Qxb5 Rab8 24. Qc4 Qb1+ 25. Qc1 Qe4 26. Qd1 Rb4 27.
Rc7 a5 28. Ra7 Qd5 29. Re2 Be4 30. Qc1 Reb8 31. Rc7 h6 32. Bxh6 Bxf3 33. gxf3
Rxd4 34. Rc8+ Kh7 35. Rxb8 Rd1+ 36. Re1 Rxc1 37. Bxc1 Qxf3 38. Rb5 Qxh3 39.
Rxa5 Qg4+ 40. Kf1 Qc4+ 41. Kg2 Qg4+ 42. Kf1 Bd4 43. Rg5 Qf3 44. Rg2 Kg7 45. Re2
Bxf2 46. Bd2 Bd4+ 47. Ke1 Bxb2 48. Rh2 Bc3 49. Rhf2 Bxd2+ 50. Kxd2 Qd5+ 51. Ke1
f5 52. Re3 Kf6 53. Ref3 Qb5 54. Kd2 Ke5 55. Ke1 Qb4+ 56. Kf1 f4 57. Kg2 g5 58.
Kh2 Ke4 59. Kg2 Qe1 60. Ra3 Qd1 61. Raf3 Kf5 62. Rf1 Qd5 63. Kg1 Kg4 64. Kg2
Qe4 65. R1f2 Qc6 66. Rf1 Kf5 67. Kg1 Ke4 68. Kg2 Qc2+ 69. R1f2 Qd1 70. Rf1 Qe2+
71. R1f2 Qa6 72. Rf1 Qb7 73. R1f2 Qh7 74. Re2+ Kd4 75. Rd2+ Kc4 76. Rdf2 Qf5
77. Rf1 Qg4+ 78. Kf2 Qh4+ 79. Kg2 Kd4 80. Ra1 Ke4 81. Ra4+ Kf5 82. Ra5+ Kg4 83.
Ra1 Qh7 84. Raf1 Kf5 85. R1f2 Ke5 86. Re2+ Kd5 87. Rd2+ Kc4 88. Rdf2 Qh5 89.
Rf1 Kd4 90. Ra1 Qg4+ 91. Kf2 Qc8 92. Rf1 Qc2+ 93. Kg1 Ke5 94. R1f2 Qh7 95. Kg2
Qe4 96. Kg1 g4 97. Rxf4 Qxf4 98. Rxf4 Kxf4 99. Kf2 g3+ 100. Kg2 Kg4 1/2-1/2

[Event "4NCL/Div1/SWD1 vs. WGR1"]
[Site "West Bromwich ENG"]
[Date "2002.11.23"]
[Round "1.4"]
[White "Lalic, Bogdan"]
[Black "Zeidler, Sven P"]
[Result "1-0"]
[WhiteElo "2542"]
[BlackElo "2275"]
[PlyCount "47"]
[EventDate "2002.11.23"]

1. d4 f5 2. c4 Nf6 3. Nc3 g6 4. g3 Bg7 5. Bg2 d6 6. d5 c6 7. Nh3 O-O 8. O-O e5
9. dxe6 Bxe6 10. Qb3 Qe7 11. Ng5 Bc8 12. Bf4 Kh8 13. Rad1 Nh5 14. Nxh7 Kxh7 15.
Bxd6 Qf7 16. Bxf8 Bxf8 17. e4 f4 18. e5 fxg3 19. hxg3 Nxg3 20. fxg3 Bc5+ 21.
Kh2 Qg7 22. Rf4 Nd7 23. Ne4 g5 24. Rf7 1-0

[Event "4NCL/Div1/SWD1 vs. WGR1"]
[Site "West Bromwich ENG"]
[Date "2002.11.23"]
[Round "1.5"]
[White "Richmond, Peter A"]
[Black "Emms, John M"]
[Result "0-1"]
[WhiteElo "2254"]
[BlackElo "2520"]
[PlyCount "82"]
[EventDate "2002.11.23"]

1. e4 c5 2. Nf3 e6 3. d4 cxd4 4. Nxd4 Nc6 5. Be3 Nf6 6. Nc3 a6 7. Bd3 Qc7 8.
O-O b5 9. f4 Nxd4 10. Bxd4 Bc5 11. Bf2 Bb7 12. Qe2 d6 13. Rae1 O-O 14. e5 dxe5
15. fxe5 Nd7 16. Ne4 Bxe4 17. Qxe4 g6 18. Qf4 f6 19. Qg4 f5 20. Qf4 Rad8 21. h4
Bxf2+ 22. Rxf2 Nc5 23. Bf1 Ne4 24. Rfe2 Qc5+ 25. Qe3 Qxe5 26. g4 Qxb2 27. Bg2
Qd4 28. Bxe4 fxe4 29. c3 Qxe3+ 30. Rxe3 Rd3 31. Rxe4 Rxc3 32. a4 Rc4 33. axb5
axb5 34. Kg2 Rxe4 35. Rxe4 Kf7 36. Kf3 Ke7+ 37. Ke3 Ra8 38. Re5 Rb8 39. Kd3 b4
40. Kc2 b3+ 41. Kb2 Rb4 0-1

[Event "4NCL/Div1/SWD1 vs. WGR1"]
[Site "West Bromwich ENG"]
[Date "2002.11.23"]
[Round "1.6"]
[White "Turner, Matthew J"]
[Black "Trevelyan, John"]
[Result "1-0"]
[WhiteElo "2519"]
[BlackElo "2207"]
[PlyCount "54"]
[EventDate "2002.11.23"]

1. c4 d6 2. g3 g6 3. Bg2 Bg7 4. Nc3 Nf6 5. e4 c5 6. Nge2 Nc6 7. d3 Bd7 8. a3 a6
9. Rb1 Rb8 10. b4 cxb4 11. axb4 b5 12. cxb5 axb5 13. h3 Qc8 14. Be3 O-O 15. Qd2
Ne8 16. Nd5 Qd8 17. Bg5 f6 18. Be3 e6 19. Ndc3 f5 20. O-O Nc7 21. Rfc1 Qe8 22.
d4 Na8 23. exf5 exf5 24. Bf4 Qe7 25. Nd5 Qe6 26. Rb3 Rfc8 27. Re3 Qf7 1-0

[Event "4NCL/Div1/SWD1 vs. WGR1"]
[Site "West Bromwich ENG"]
[Date "2002.11.23"]
[Round "1.7"]
[White "Blackburn, Jonathan"]
[Black "Ward, Christopher"]
[Result "0-1"]
[WhiteElo "2158"]
[BlackElo "2513"]
[PlyCount "54"]
[EventDate "2002.11.23"]

1. d4 Nf6 2. c4 e6 3. Nc3 Bb4 4. Nf3 b6 5. Bg5 h6 6. Bh4 g5 7. Bg3 Ne4 8. Qc2
Bb7 9. e3 Bxc3+ 10. bxc3 Nxg3 11. hxg3 Qe7 12. Bd3 Nc6 13. Rb1 Kf8 14. g4 Kg7
15. Ke2 Na5 16. Qa4 c5 17. Rh5 Rac8 18. Nd2 d5 19. cxd5 Bxd5 20. f3 cxd4 21.
cxd4 Rc3 22. Ra1 Bc6 23. Qd1 Rxd3 24. Kxd3 Bb5+ 25. Nc4 Bxc4+ 26. Kc2 Rc8 27.
Qh1 Qb4 0-1

[Event "4NCL/Div1/SWD1 vs. WGR1"]
[Site "West Bromwich ENG"]
[Date "2002.11.23"]
[Round "1.8"]
[White "Hunt, Harriet"]
[Black "Cast, Abigail"]
[Result "1/2-1/2"]
[WhiteElo "2406"]
[BlackElo "2114"]
[PlyCount "97"]
[EventDate "2002.11.23"]

1. e4 e6 2. d4 d5 3. Nd2 Nf6 4. e5 Nfd7 5. Bd3 c5 6. c3 Nc6 7. Ne2 Qb6 8. Nf3
cxd4 9. cxd4 f6 10. exf6 Nxf6 11. O-O Bd6 12. b3 O-O 13. Bb2 Bd7 14. Rc1 Rae8
15. Bb1 Ng4 16. h3 Nh6 17. Kh1 Qd8 18. Ne5 Nf5 19. Qd2 a5 20. a3 Qe7 21. a4 Bb4
22. Qd3 Nxe5 23. dxe5 Qh4 24. g4 Ne7 25. Kg2 Bc6 26. Qg3 Qxg3+ 27. Kxg3 g5 28.
Rcd1 b5 29. Bc2 Bd7 30. Nd4 bxa4 31. bxa4 Rc8 32. Bc1 h6 33. f4 Rc3+ 34. Rf3
Rxf3+ 35. Kxf3 gxf4 36. Bxf4 Kg7 37. h4 Ng6 38. Bxg6 Kxg6 39. Rd3 Rc8 40. h5+
Kg7 41. g5 hxg5 42. Bxg5 Rc3 43. Ke3 Rxd3+ 44. Kxd3 Bc5 45. h6+ Kh7 46. Bd2
Bxd4 47. Kxd4 Bxa4 48. Bxa5 Kxh6 49. Bd2+ 1/2-1/2

[Event "4NCL/Div1/AD1 vs. BET"]
[Site "West Bromwich ENG"]
[Date "2002.11.23"]
[Round "1.1"]
[White "Cooper, Lawrence"]
[Black "Williams, Simon K"]
[Result "1/2-1/2"]
[WhiteElo "2348"]
[BlackElo "2391"]
[PlyCount "26"]
[EventDate "2002.11.23"]

1. e4 c5 2. Nc3 Nc6 3. Bb5 Nd4 4. Bc4 Nf6 5. d3 a6 6. a4 e6 7. Bg5 h6 8. Bh4 g5
9. Bg3 d5 10. Ba2 Bg7 11. Nge2 dxe4 12. dxe4 O-O 13. Be5 Nc6 1/2-1/2

[Event "4NCL/Div1/AD1 vs. BET"]
[Site "West Bromwich ENG"]
[Date "2002.11.23"]
[Round "1.2"]
[White "Pert, Nicholas"]
[Black "Richardson, John R"]
[Result "1-0"]
[WhiteElo "2462"]
[BlackElo "2312"]
[PlyCount "91"]
[EventDate "2002.11.23"]

1. d4 Nf6 2. c4 e6 3. Nf3 d5 4. Nc3 Bb4 5. cxd5 exd5 6. Bg5 h6 7. Bh4 c5 8. e3
g5 9. Bg3 Ne4 10. Bb5+ Kf8 11. Rc1 c4 12. Qa4 Bxc3+ 13. bxc3 a6 14. Qb4+ Qe7
15. Qxe7+ Kxe7 16. Ba4 b5 17. Bd1 Nc6 18. Nd2 Nxg3 19. hxg3 f5 20. f3 Be6 21.
e4 Rac8 22. exd5 Bxd5 23. Bc2 Kf6 24. Nf1 Ne7 25. a3 h5 26. Ne3 Be6 27. Kf2 h4
28. gxh4 gxh4 29. a4 bxa4 30. Ra1 f4 31. Nd1 Rb8 32. Rxa4 Rb6 33. Ke2 Rg8 34.
Rh2 Rg3 35. Nf2 Bf5 36. Bxf5 Nxf5 37. Ne4+ Kg7 38. Rxc4 h3 39. Nxg3 fxg3 40.
Rxh3 Rb2+ 41. Kd3 Rxg2 42. Rc5 Kg6 43. Rh8 Rg1 44. Rg8+ Kf7 45. Rg4 Nh6 46.
Rc7+ 1-0

[Event "4NCL/Div1/AD1 vs. BET"]
[Site "West Bromwich ENG"]
[Date "2002.11.23"]
[Round "1.3"]
[White "Broom, Mark"]
[Black "Ledger, Andrew J"]
[Result "0-1"]
[WhiteElo "2240"]
[BlackElo "2397"]
[PlyCount "76"]
[EventDate "2002.11.23"]

1. c4 Nf6 2. Nc3 d5 3. cxd5 Nxd5 4. Nf3 Nxc3 5. bxc3 g6 6. g3 Bg7 7. Bg2 c5 8.
Qc2 O-O 9. O-O Nc6 10. Rb1 Rb8 11. d3 b6 12. c4 Bg4 13. Bb2 e5 14. Qa4 Bd7 15.
Qa3 Qe7 16. Nd2 f5 17. Bd5+ Kh8 18. e3 a5 19. f4 exf4 20. Bxg7+ Kxg7 21. Qc3+
Qf6 22. Qxf6+ Rxf6 23. Bxc6 Bxc6 24. exf4 Rd6 25. Nb3 Rxd3 26. Nxa5 Be4 27. Nb3
Ra8 28. Rb2 Rad8 29. a4 Rc3 30. a5 Bc2 31. Na1 Bd3 32. Rd1 bxa5 33. Rb3 Rxc4
34. Rb7+ Kg8 35. Nb3 Rc2 36. Nxa5 Re8 37. Nc6 Ree2 38. Ne7+ Kf8 0-1

[Event "4NCL/Div1/AD1 vs. BET"]
[Site "West Bromwich ENG"]
[Date "2002.11.23"]
[Round "1.4"]
[White "Pert, Richard G"]
[Black "Snape, Ian"]
[Result "1/2-1/2"]
[WhiteElo "2391"]
[BlackElo "2225"]
[PlyCount "46"]
[EventDate "2002.11.23"]

1. e4 c5 2. Nf3 d6 3. d4 cxd4 4. Nxd4 Nf6 5. Nc3 g6 6. Be3 Bg7 7. f3 O-O 8. Qd2
Nc6 9. O-O-O d5 10. exd5 Nxd5 11. Nxc6 bxc6 12. Bd4 e5 13. Bc5 Be6 14. Ne4 Rb8
15. Bc4 f5 16. Ng5 e4 17. Bb3 Qf6 18. Bd4 e3 19. Qxe3 Nxe3 20. Bxf6 Rxf6 21.
Bxe6+ Rxe6 22. Nxe6 Bxb2+ 23. Kd2 Nxd1 1/2-1/2

[Event "4NCL/Div1/AD1 vs. BET"]
[Site "West Bromwich ENG"]
[Date "2002.11.23"]
[Round "1.5"]
[White "Cafferty, Bernard"]
[Black "Hunt, Adam C"]
[Result "0-1"]
[WhiteElo "2201"]
[BlackElo "2365"]
[PlyCount "70"]
[EventDate "2002.11.23"]

1. c4 g6 2. Nc3 Bg7 3. d4 Nf6 4. e4 d6 5. Be2 O-O 6. Nf3 e5 7. O-O Nc6 8. d5
Ne7 9. b4 Nh5 10. Re1 a5 11. bxa5 Rxa5 12. g3 f5 13. Ng5 Nf6 14. Bf3 h6 15. Ne6
Bxe6 16. dxe6 f4 17. Nb5 Nh7 18. Bd2 Ra6 19. gxf4 exf4 20. Bc3 Bxc3 21. Nxc3
Ng5 22. e5 Ra3 23. Rc1 dxe5 24. Rxe5 c6 25. Bg4 Qxd1+ 26. Bxd1 Rd8 27. Ne4
Rxd1+ 28. Rxd1 Nf3+ 29. Kh1 Nxe5 30. Nf6+ Kg7 31. Ne8+ Kf8 32. Rd8 Nf5 33. c5
Ke7 34. Rb8 Kxe6 35. Nc7+ Kd7 0-1

[Event "4NCL/Div1/AD1 vs. BET"]
[Site "West Bromwich ENG"]
[Date "2002.11.23"]
[Round "1.6"]
[White "Ledger, David J"]
[Black "Bellin, Jana"]
[Result "1/2-1/2"]
[WhiteElo "2267"]
[BlackElo "2203"]
[PlyCount "81"]
[EventDate "2002.11.23"]

1. e4 c5 2. Nc3 e6 3. g3 Nc6 4. Bg2 g6 5. d3 Bg7 6. Be3 d6 7. Qd2 Rb8 8. Nf3
Nd4 9. Bxd4 cxd4 10. Nb5 Ne7 11. Nbxd4 Qb6 12. c3 Nc6 13. Nb3 a5 14. O-O O-O
15. Qc2 Qa6 16. Rad1 Bd7 17. Rfe1 Rfc8 18. d4 a4 19. Nc1 Na5 20. Nd3 b5 21. a3
Qb6 22. Qe2 Nc4 23. h4 h5 24. Bh3 Qb7 25. Kh2 Re8 26. Ng5 Rbd8 27. g4 hxg4 28.
Bxg4 e5 29. d5 Bf6 30. Rg1 Kg7 31. Bxd7 Qxd7 32. Rg4 Rh8 33. Kg3 Bxg5 34. hxg5
Rh5 35. Rg1 Rdh8 36. Kg2 Rxg5 37. Kf1 Rxg4 38. Rxg4 Rh1+ 39. Kg2 Rh6 40. Qf3
Qe7 41. Qg3 1/2-1/2

[Event "4NCL/Div1/AD1 vs. BET"]
[Site "West Bromwich ENG"]
[Date "2002.11.23"]
[Round "1.7"]
[White "Anderton, David W"]
[Black "Ledger, Stephen C"]
[Result "1-0"]
[WhiteElo "2257"]
[BlackElo "2172"]
[PlyCount "71"]
[EventDate "2002.11.23"]

1. d4 Nf6 2. c4 c5 3. d5 b5 4. Nf3 bxc4 5. Nc3 g6 6. e4 d6 7. Bxc4 Bg7 8. e5
dxe5 9. Nxe5 O-O 10. O-O Bb7 11. Re1 Nbd7 12. Nxf7 Rxf7 13. d6 e6 14. Bxe6 Rb8
15. Bg5 h6 16. Bh4 g5 17. Bg3 Bf8 18. Qd3 Kg7 19. Qf5 Qb6 20. h4 Qc6 21. f3
Bxd6 22. Ne4 Bxg3 23. Nxg3 Rbf8 24. hxg5 hxg5 25. Qxg5+ Kh8 26. Bxf7 Rxf7 27.
Nf5 Nf8 28. Rad1 Qb6 29. Rd6 N6h7 30. Qc1 Qb4 31. a3 Qa5 32. b4 cxb4 33. Qb2+
Nf6 34. Rxf6 bxa3 35. Rh6+ Kg8 36. Rh8# 1-0

[Event "4NCL/Div1/AD1 vs. BET"]
[Site "West Bromwich ENG"]
[Date "2002.11.23"]
[Round "1.8"]
[White "Tidman, Sophie"]
[Black "Mangwengwende, John"]
[Result "1/2-1/2"]
[WhiteElo "2147"]
[BlackElo "2163"]
[PlyCount "68"]
[EventDate "2002.11.23"]

1. e4 e5 2. Nf3 Nc6 3. Bc4 Nf6 4. d4 exd4 5. O-O Bc5 6. e5 d5 7. Bb5 Ne4 8.
Nxd4 O-O 9. Bxc6 bxc6 10. Be3 Ba6 11. Re1 Bxd4 12. Qxd4 c5 13. Qa4 Bb7 14. Nd2
Nxd2 15. Bxd2 d4 16. Qc4 Qd7 17. e6 fxe6 18. Qxe6+ Qxe6 19. Rxe6 Rae8 20. Rae1
Kf7 21. R6e5 c4 22. Rc5 Rxe1+ 23. Bxe1 Re8 24. Rxc7+ Kf6 25. Kf1 Bd5 26. b3
cxb3 27. axb3 Bxg2+ 28. Kxg2 Rxe1 29. Rxa7 Rc1 30. Ra4 Ke5 31. Rc4 g5 32. h3 h5
33. b4 h4 34. Rc5+ Kf4 1/2-1/2

[Event "4NCL/Div1/PYO vs. BRI1"]
[Site "West Bromwich ENG"]
[Date "2002.11.23"]
[Round "1.1"]
[White "Haslinger, Stewart"]
[Black "Ansell, Simon"]
[Result "1-0"]
[WhiteElo "2385"]
[BlackElo "2398"]
[PlyCount "123"]
[EventDate "2002.11.23"]

1. e4 c5 2. Nf3 Nc6 3. d4 cxd4 4. Nxd4 e5 5. Nb5 d6 6. N1c3 a6 7. Na3 b5 8. Nd5
Nce7 9. c4 Nxd5 10. exd5 bxc4 11. Nxc4 Nf6 12. Be3 Rb8 13. Be2 Be7 14. a4 O-O
15. Rc1 Bb7 16. Nb6 Nd7 17. a5 f5 18. O-O f4 19. Bg4 Nf6 20. Be6+ Kh8 21. Bd2
Qe8 22. Bb4 f3 23. Rc3 fxg2 24. Re1 Qb5 25. Rb3 Qe8 26. Rh3 Qg6 27. Rg3 Qh5 28.
Qd3 Qh4 29. Ba3 Nh5 30. Nd7 Nxg3 31. fxg3 Qh6 32. Nxb8 Qf6 33. Qe2 Rxb8 34. Qf2
Qxf2+ 35. Kxf2 Bc8 36. Kxg2 Bxe6 37. dxe6 Rc8 38. Rd1 Kg8 39. Kf3 Rc6 40. Ke4
Kf8 41. Kd5 Rc2 42. Bxd6 Rxb2 43. Rf1+ Ke8 44. Bxe7 Kxe7 45. Rf7+ Ke8 46. h4
Rd2+ 47. Kxe5 Re2+ 48. Kd6 Rd2+ 49. Kc7 Re2 50. Rxg7 Rxe6 51. Rxh7 Rg6 52. Kb7
Rxg3 53. Rc7 Kd8 54. Rc6 Rh3 55. Rc4 Kd7 56. Kxa6 Rh1 57. Ka7 Rb1 58. a6 Rb5
59. Ka8 Ra5 60. a7 Rb5 61. h5 Rb1 62. h6 1-0

[Event "4NCL/Div1/PYO vs. BRI1"]
[Site "West Bromwich ENG"]
[Date "2002.11.23"]
[Round "1.2"]
[White "Buckley, Graeme"]
[Black "Taylor, Martin R"]
[Result "1-0"]
[WhiteElo "2417"]
[BlackElo "2300"]
[PlyCount "63"]
[EventDate "2002.11.23"]

1. d4 d5 2. c4 e6 3. Nc3 Nf6 4. Bg5 Nbd7 5. Nf3 c6 6. e3 Qa5 7. cxd5 Nxd5 8.
Qd2 Bb4 9. Rc1 O-O 10. Bd3 h6 11. Bh4 e5 12. O-O Re8 13. Qc2 Be7 14. Nxd5 Bxh4
15. Nc3 Be7 16. Rfe1 Bb4 17. Bh7+ Kh8 18. Bd3 Re7 19. h3 Kg8 {(=)} 20. Rcd1 Rb8
21. Bh7+ Kf8 22. Bf5 exd4 23. Bxd7 dxc3 24. Bxc8 Rxc8 25. a3 cxb2 26. axb4 Qxb4
27. Qh7 Rec7 28. Qh8+ Ke7 29. Qxg7 c5 30. Ne5 Ke6 31. Nd3 Qe4 32. Nf4+ 1-0

[Event "4NCL/Div1/PYO vs. BRI1"]
[Site "West Bromwich ENG"]
[Date "2002.11.23"]
[Round "1.3"]
[White "Broomfield, Matthew"]
[Black "Sherwin, James T"]
[Result "0-1"]
[WhiteElo "2255"]
[BlackElo "2337"]
[PlyCount "54"]
[EventDate "2002.11.23"]

1. d4 e6 2. g3 c5 3. c3 Nf6 4. Bg2 d5 5. Nf3 Nc6 6. O-O Bd6 7. Bf4 O-O 8. dxc5
Bxc5 9. Nbd2 Bb6 10. Nb3 Qe7 11. Qc2 e5 12. Bg5 h6 13. Bxf6 Qxf6 14. Nfd2 Bf5
15. e4 dxe4 16. Nxe4 Qg6 17. a4 a6 18. a5 Ba7 19. Qe2 Bg4 20. Qc4 Rac8 21. Nec5
Rc7 22. Be4 Bf5 23. Rfd1 {(=)} 23... Kh8 24. Rd7 Rxd7 25. Nxd7 Bxe4 26. Nxf8
Qf5 27. Qe2 Bf3 0-1

[Event "4NCL/Div1/PYO vs. BRI1"]
[Site "West Bromwich ENG"]
[Date "2002.11.23"]
[Round "1.4"]
[White "Beaumont, Chris"]
[Black "Rendle, Thomas E"]
[Result "1/2-1/2"]
[WhiteElo "2318"]
[BlackElo "2238"]
[PlyCount "37"]
[EventDate "2002.11.23"]

1. d4 f5 2. g3 g6 3. Bg2 Nf6 4. Nf3 Bg7 5. O-O O-O 6. c4 d6 7. d5 Nbd7 8. Nc3
Ne5 9. Qc2 Nxc4 10. Nb5 a6 11. Qxc4 axb5 12. Qxb5 Ne4 13. Be3 e5 14. dxe6 Qe7
15. Bd4 c6 16. Qd3 Bh6 17. Be3 Bg7 18. Bd4 Bh6 19. Be3 1/2-1/2

[Event "4NCL/Div1/PYO vs. BRI1"]
[Site "West Bromwich ENG"]
[Date "2002.11.23"]
[Round "1.5"]
[White "Yastrebov, Alexander"]
[Black "Burgess, Graham"]
[Result "1-0"]
[WhiteElo "2207"]
[BlackElo "2309"]
[PlyCount "91"]
[EventDate "2002.11.23"]

1. d4 d5 2. Nf3 Nf6 3. Bf4 c6 4. Nbd2 Qb6 5. Rb1 Bf5 6. e3 e6 7. Ne5 h6 8. g4
Be4 9. Nxe4 Nxe4 10. f3 g5 11. fxe4 gxf4 12. exf4 Be7 13. h4 Nd7 14. Nxd7 Kxd7
15. Bg2 dxe4 16. Bxe4 Rad8 17. c3 Kc7 18. b4 f5 19. Bd3 Rdg8 20. gxf5 exf5 21.
Qf3 Kb8 22. Bxf5 Qd8 23. Kd2 Bxh4 24. Rbg1 Rf8 25. Qg4 Bf2 26. Rf1 Rhg8 27. Qh3
Bxd4 28. cxd4 Qxd4+ 29. Kc1 Qa1+ 30. Bb1 Qd4 31. Qd3 Qxb4 32. f5 Rd8 33. Qe3
Rg4 34. Rd1 Rdg8 35. Bc2 a5 36. a3 Qc4 37. Qb3 Qf4+ 38. Kb1 a4 39. Qb2 Rg2 40.
Rhf1 Rf2 41. Rxf2 Qxf2 42. f6 Rf8 43. Qe5+ Ka8 44. Qa5+ Qa7 45. Qxa7+ Kxa7 46.
Rf1 1-0

[Event "4NCL/Div1/PYO vs. BRI1"]
[Site "West Bromwich ENG"]
[Date "2002.11.23"]
[Round "1.6"]
[White "Cobb, Charles"]
[Black "Mutton, Jonathan B"]
[Result "1-0"]
[WhiteElo "2313"]
[BlackElo "2197"]
[PlyCount "75"]
[EventDate "2002.11.23"]

1. c4 e5 2. Nc3 Nc6 3. Nf3 f5 4. d4 e4 5. d5 exf3 6. dxc6 bxc6 7. exf3 Bb4 8.
Qc2 Qe7+ 9. Be2 Nf6 10. O-O O-O 11. Bd3 Qf7 12. Na4 Ba6 13. Be3 Be7 14. Nc5
Bxc5 15. Bxc5 d6 16. Be3 c5 {(=)} 17. a3 Nd7 18. f4 Bb7 19. b4 Qg6 20. f3 Rae8
21. Rae1 Qf6 22. Bf2 Rxe1 23. Rxe1 Bc6 24. Qe2 Qc3 25. b5 Bb7 26. Qe6+ Rf7 27.
Qe8+ Nf8 28. Bf1 Qxa3 29. Qb8 c6 30. bxc6 Bxc6 31. Qxd6 Rf6 32. Qxc5 Qxc5 33.
Bxc5 a5 {Unsure of the last few moves.} 34. Bd4 Rd6 35. Bc3 a4 36. c5 Rd8 37.
Bc4+ Kh8 38. Re7 1-0

[Event "4NCL/Div1/PYO vs. BRI1"]
[Site "West Bromwich ENG"]
[Date "2002.11.23"]
[Round "1.7"]
[White "Hodge, David J"]
[Black "Collier, David O"]
[Result "1-0"]
[WhiteElo "2165"]
[BlackElo "2274"]
[PlyCount "45"]
[EventDate "2002.11.23"]

1. e4 c5 2. c3 b6 3. d4 e6 4. Bd3 Ba6 5. Nf3 Nf6 6. O-O Bxd3 7. Qxd3 cxd4 8. e5
Nd5 9. Nxd4 Nc6 10. Re1 Nxd4 11. Qxd4 Rc8 12. Nd2 Qc7 13. Ne4 Be7 14. Nd6+ Bxd6
15. exd6 Qxd6 16. c4 Qb4 17. Bd2 Qxc4 18. Qxg7 Rf8 19. Rac1 Qa6 20. Rxc8+ Qxc8
21. Bh6 Ke7 22. Qg5+ Nf6 23. Bg7 1-0

[Event "4NCL/Div1/PYO vs. BRI1"]
[Site "West Bromwich ENG"]
[Date "2002.11.23"]
[Round "1.8"]
[White "Buckley, Melanie"]
[Black "Bensdorp, Marlies"]
[Result "0-1"]
[WhiteElo "2145"]
[BlackElo "2159"]
[PlyCount "98"]
[EventDate "2002.11.23"]

1. e4 e6 2. d4 d5 3. Nd2 Nf6 4. e5 Nfd7 5. c3 c5 6. Bd3 Nc6 7. Ne2 cxd4 8. cxd4
f6 9. exf6 Nxf6 10. O-O Bd6 11. Nf3 Qc7 12. Bg5 O-O 13. Rc1 Bd7 14. Ng3 h6 15.
Bxf6 Rxf6 16. Bb1 Be8 17. Nh4 Rd8 18. Qd3 g5 19. Nf3 Bg6 20. Qc3 Bxb1 21. Rxb1
Rdf8 22. Qe3 Bf4 23. Qe2 Bxg3 24. fxg3 Qb6 25. Kh1 Nxd4 26. Qd3 Nxf3 27. gxf3
Kg7 28. b3 Rc8 29. Kg2 Qa5 30. Rf2 Qc3 31. Rd1 Qxd3 32. Rxd3 Rf7 33. Rfd2 Rfc7
34. Kf2 Kf6 35. Ke3 Rc1 36. f4 gxf4+ 37. Kxf4 e5+ 38. Kg4 d4 39. Kh5 Rf1 40. g4
Kg7 41. Re2 Rc5 42. Re4 b5 43. h4 Rf2 44. g5 hxg5 45. Kxg5 Rxa2 46. Kf5 Rf2+
47. Ke6 Rf6+ 48. Kd7 Kf7 49. h5 Rcc6 0-1

[Event "4NCL/Div1/RIC vs. GUI1"]
[Site "West Bromwich ENG"]
[Date "2002.11.23"]
[Round "1.1"]
[White "Quinn, Mark"]
[Black "Kosten, Anthony C"]
[Result "1-0"]
[WhiteElo "2429"]
[BlackElo "2551"]
[PlyCount "85"]
[EventDate "2002.11.23"]

1. d4 Nf6 2. c4 e6 3. Nf3 b6 4. a3 c5 5. d5 Ba6 6. Qc2 exd5 7. cxd5 g6 8. Nc3
Bg7 9. g3 O-O 10. Bg2 d6 11. O-O Nbd7 12. h3 Re8 13. Re1 b5 14. Bf4 Qb6 15. e4
Rac8 16. Bf1 c4 17. e5 dxe5 18. Nxe5 Nc5 19. Nc6 Nxd5 20. Nxd5 Qxc6 21. Bg2 Qd7
22. Bg5 Qf5 23. Qd2 Qd3 24. Qb4 Ne6 25. Ne7+ Rxe7 26. Bxe7 Qc2 27. Qd6 Nc5 28.
Bf6 Bf8 29. Qd1 Qxd1 30. Raxd1 Nd3 31. Re2 Bg7 32. Bxg7 Kxg7 33. Re7 b4 34.
axb4 Bb5 35. Rd2 Nxb4 36. Rxa7 Rb8 37. Rc7 Nd3 38. Bd5 Be8 39. Bxc4 Nxb2 40.
Ba2 Na4 41. Rd4 Nb2 42. Rf4 Nd3 43. Rf3 1-0

[Event "4NCL/Div1/RIC vs. GUI1"]
[Site "West Bromwich ENG"]
[Date "2002.11.23"]
[Round "1.2"]
[White "Hebden, Mark L"]
[Black "Wall, Gavin"]
[Result "1-0"]
[WhiteElo "2515"]
[BlackElo "2362"]
[PlyCount "87"]
[EventDate "2002.11.23"]

1. d4 f5 2. g3 Nf6 3. Bg2 g6 4. Nf3 Bg7 5. O-O O-O 6. c4 d6 7. Nc3 Qe8 8. d5
Na6 9. Rb1 Bd7 10. b4 c6 11. dxc6 bxc6 12. a3 Nc7 13. Bb2 Ne6 14. Qd3 Ng4 15.
Rfd1 Rd8 16. c5 Bc8 17. cxd6 exd6 18. Na4 Nf6 19. Qc4 Ne4 20. Bxg7 Kxg7 21. Nd4
d5 22. Nxe6+ Bxe6 23. Qd4+ Kg8 24. Rbc1 Rf7 25. Nc5 Rb8 26. Qe5 Bd7 27. Nxd7
Rxd7 28. Qxe8+ Rxe8 29. Rxc6 d4 30. f3 Ng5 31. Kf2 Re3 32. Rd3 Rde7 33. Rc2 Kf8
34. f4 Ne4+ 35. Bxe4 R3xe4 36. Rcd2 Re3 37. a4 Rxd3 38. Rxd3 Re4 39. b5 h6 40.
a5 g5 41. b6 axb6 42. axb6 gxf4 43. gxf4 Rxf4+ 44. Rf3 1-0

[Event "4NCL/Div1/RIC vs. GUI1"]
[Site "West Bromwich ENG"]
[Date "2002.11.23"]
[Round "1.3"]
[White "Bates, Richard A"]
[Black "Gormally, Daniel W"]
[Result "1/2-1/2"]
[WhiteElo "2367"]
[BlackElo "2502"]
[PlyCount "106"]
[EventDate "2002.11.23"]

1. d4 Nf6 2. Nf3 e6 3. c4 Bb4+ 4. Bd2 Qe7 5. g3 Nc6 6. Bg2 Bxd2+ 7. Nbxd2 d6 8.
O-O O-O 9. e4 e5 10. d5 Nb8 11. Ne1 c6 12. Nd3 Bg4 13. f3 Bd7 14. Qb3 b5 15.
cxb5 cxb5 16. f4 Ng4 17. Rae1 f6 18. h3 Nh6 19. a4 Na6 20. a5 Rfc8 21. Rc1 b4
22. Rxc8+ Rxc8 23. Rc1 Rxc1+ 24. Nxc1 Qd8 25. Qe3 Nc5 26. Ncb3 Nxb3 27. Nxb3
Qb8 28. Bf1 Nf7 29. f5 g6 30. g4 Kf8 31. Kf2 Ke7 32. Bd3 gxf5 33. gxf5 Nd8 34.
a6 Qc7 35. Qh6 Ba4 36. Nc1 Nf7 37. Qe3 Ng5 38. b3 Bd7 39. Ne2 Qc5 40. h4 Nh3+
41. Kf3 Qc7 42. Bc4 Be8 43. Kg3 Nf4 44. Nxf4 exf4+ 45. Kxf4 Kf8 46. Kg3 Kg7 47.
Kg2 Qe7 48. Bd3 Qc7 49. Qd4 Qb8 50. Kh3 Bh5 51. Qe3 Qc7 52. Bc4 Qe7 53. Qf4 Bd1
1/2-1/2

[Event "4NCL/Div1/RIC vs. GUI1"]
[Site "West Bromwich ENG"]
[Date "2002.11.23"]
[Round "1.4"]
[White "Cherniaev, Alexander"]
[Black "Hinks-Edwards, Thomas"]
[Result "1-0"]
[WhiteElo "2506"]
[BlackElo "2363"]
[PlyCount "65"]
[EventDate "2002.11.23"]

1. e4 c6 2. c4 d5 3. exd5 cxd5 4. cxd5 Nf6 5. Nc3 Nxd5 6. Nf3 Nxc3 7. bxc3 g6
8. d4 Bg7 9. Bd3 O-O 10. O-O Nc6 11. Re1 b6 12. Bg5 Bb7 13. Bb5 Qd5 14. Rb1 e6
15. Qd2 Rac8 16. c4 Qd6 17. Bf4 Qd8 18. d5 exd5 19. cxd5 Na5 20. Red1 Rc5 21.
d6 Nc4 22. Bxc4 Rxc4 23. d7 Bxf3 24. gxf3 Rd4 25. Qxd4 Bxd4 26. Rxd4 Qf6 27.
Rbd1 g5 28. Bc7 Qxf3 29. Re1 Qc6 30. Re8 Qc1+ 31. Kg2 Qc6+ 32. f3 Qc2+ 33. Kh3
1-0